A parti-service szolgáltatás bemutatása a Budapest Party Service Kft. működésén keresztül

Bibliográfiai részletek
Szerző: Vári Viktor
További közreműködők: Gancsovné Rossi Krisztina
Dokumentumtípus: Záródolgozat
Kulcsszavak:Rendezvényszervezés, történet
Party service
Catering
Budapest Party Service Kft.
Szolgáltatás, party service
Online Access:http://dolgozattar.uni-bge.hu/59413

MARC

LEADER 00000nta a2200000 i 4500
001 dolg59413
005 20260115114548.0
008 260115suuuu hu o 000 hun d
040 |a BGE Dolgozattár Repozitórium  |b hun 
041 |a hu 
100 1 |a Vári Viktor 
245 1 2 |a A parti-service szolgáltatás bemutatása a Budapest Party Service Kft. működésén keresztül  |c Vári Viktor  |h [elektronikus dokumentum] 
516 |a Final_paper 
695 |a Rendezvényszervezés, történet 
695 |a Party service 
695 |a Catering 
695 |a Budapest Party Service Kft. 
695 |a Szolgáltatás, party service 
700 1 |a Gancsovné Rossi Krisztina  |e ths 
856 4 0 |u http://dolgozattar.uni-bge.hu/59413/1/Vari-Viktor.pdf  |z Dokumentum-elérés